000 00590nam a22002417a 4500
003 UA-OsUOA
001 44056
007 ta
008 20070205b un ||||| |||| 00| 0 ukr d
100 _aЖиро Т.
090 _a32(075.8)
_bЖ73
942 _cBK
040 _aUA-OsUOA
_brus
_cUA-OsUOA
_dUA-OsUOA
245 _aПолитология
300 _a428 с.
955 _a2
041 _arus
080 _a32(075.8)
020 _a966-8324-21-8
260 _aХ.
_bИзд-во Гуманитарный Центр
_c2006
650 7 _a32 Політика
_2UDC
999 _c330172
_d330172